|
|
|
|
| LEADER |
01387nam a2200325 a 4500 |
| 001 |
12782291 |
| 003 |
BD-DhAAL |
| 005 |
20260513175940.0 |
| 008 |
090823s2003 maua b 001 0 eng d |
| 010 |
|
|
|a 2002007764
|
| 020 |
|
|
|a 1405127937
|
| 020 |
|
|
|a 0631227369 (hardcover : alk. paper)
|
| 020 |
|
|
|a 0631227377 (pbk. : alk. paper)
|
| 040 |
|
|
|a DLC
|c DLC
|d DLC
|d BD-DhAAL
|
| 082 |
0 |
0 |
|a 428/.0071
|2 21
|
| 100 |
1 |
|
|a McDonough, Jo.
|9 60738
|
| 245 |
1 |
0 |
|a Materials and methods in ELT :
|b a teacher's guide /
|c Jo McDonough and Christopher Shaw.
|
| 250 |
|
|
|a Second edition.
|
| 260 |
|
|
|a Malden, MA :
|b Blackwell Pub.,
|c 2003.
|
| 300 |
|
|
|a xiii, 280 pages :
|b illustrations ;
|c 26 cm.
|
| 490 |
0 |
|
|a Applied language studies
|
| 504 |
|
|
|a Includes bibliographical references (p. [266]-276) and index.
|
| 541 |
1 |
|
|e 00015685
|
| 650 |
|
0 |
|a English language
|x Study and teaching
|x Foreign speakers.
|
| 700 |
1 |
|
|a Shaw, Christopher.
|9 60739
|
| 852 |
4 |
|
|a Ayesha Abed Library
|j General shelf
|
| 942 |
|
|
|2 ddc
|c BK
|
| 999 |
|
|
|c 3354
|d 3354
|
| 952 |
|
|
|0 0
|1 0
|2 ddc
|4 0
|6 428_007100000000000_MCD_2003
|7 0
|9 3045
|a BRACUL
|b BRACUL
|c GEN
|d 2009-08-31
|g 170.00
|l 18
|m 131
|o 428.0071 MCD
|p 3010015685
|r 2025-09-16
|s 2025-08-02
|t 1
|w 2009-08-31
|y BK
|
| 952 |
|
|
|0 0
|1 0
|2 ddc
|4 0
|6 428_007100000000000_MCD_2003
|7 0
|9 9771
|a BRACUL
|b BRACUL
|c GEN
|d 2010-05-05
|l 14
|m 91
|o 428.0071 MCD
|p 3010015606
|r 2026-01-20
|s 2025-12-03
|t 2
|w 2010-05-05
|y BK
|